| 000 | 01185nam a2200193Ii 4500 | ||
|---|---|---|---|
| 003 | JO-AjNU | ||
| 008 | 230605s9999||||xx |||||||||||||| ||und|| | ||
| 040 |
_aJO-AjNU _bara _erda _cJO-AjNU |
||
| 041 | _aara | ||
| 050 | 1 | 4 | _aBP940.2 |
| 100 | 3 |
_aإعداد هناء محمد هلال الحنيطي ؛ إشراف خالد أمين عبدالله ، أحمد العيادي, _eauthor _942691 |
|
| 245 | 0 | 0 | _a بيع العينة والتورق : دراسة تطبيقية على المصارف الإسلامية |
| 264 | 3 | 1 | _aعمان: الاكاديمية العربية للعلوم المالية والمصرفية، د،ت |
| 300 |
_a266ص _bرسالة جامعية (أطروحة دكتوراة)--الأكاديمية العربية للعلوم المالية والمصرفية (عمان، الأردن)، كلية العلوم المالية والمصرفية، قسم المصارف الاسلامية،يشتمل على مراجع ببلوغرافية ص( 252-265) |
||
| 336 |
_atext _btxt _2rdacontent |
||
| 337 |
_aunmediated _bn _2rdamedia |
||
| 338 |
_avolume _bnc _2rdacarrier |
||
| 650 | 4 |
_aالبيع (فقه إسلامي) -- البنوك الإسلامية _942692 |
|
| 999 |
_aA18299 _c21867 _d21867 |
||